000 00354nam a2200145Ia 4500
008 230917s9999||||xx |||||||||||||| ||und||
040 _e143732
_aMAIN
041 _aEnglish
082 _a361.6 H363C
100 _aHeidenheimer, Arnold J
245 0 _aComparative public policy
260 _aNew York
_bSt Martin
_c1990
300 _a415 p.
942 _cBK
999 _c65538
_d65538